Bank Po Quantitative Aptitude : (Record no. 195180)

MARC details
000 -LEADER
fixed length control field 00501nam a22001697a 4500
005 - DATE AND TIME OF LATEST TRANSACTION
control field 20230310110051.0
010 ## - LCCN (DPL NO)
LC control number ENG-136310
020 ## - INTERNATIONAL STANDARD BOOK NUMBER
Terms of availability 695.00
International Standard Book Number 9789394672093
035 ## - SYSTEM CONTROL NUMBER
System control number EN-119842
037 ## - SOURCE OF ACQUISITION
Source of stock number/acquisition DBAD/PUB
082 ## - DEWEY DECIMAL CLASSIFICATION NUMBER
Classification number 000
245 ## - TITLE STATEMENT
Title Bank Po Quantitative Aptitude :
260 ## - PUBLICATION, DISTRIBUTION, ETC. (IMPRINT)
Place of publication, distribution, etc Pitampura
Name of publisher, distributor, etc Kiran Institute Of Career Excellence Pvt Ltd
Date of publication, distribution, etc 2014
270 ## - ADDRESS
Address Ru-67,Opp.POwer House,Pitam Pura
City Delhi
Postal code 110034
300 ## - PHYSICAL DESCRIPTION
Extent 1016p.
Dimensions 26cm(pbk)
942 ## - ADDED ENTRY ELEMENTS (KOHA)
Source of classification or shelving scheme Dewey Decimal Classification
Item type English Books
Call number suffix KIR
Classification part 000
Holdings
Withdrawn status Lost status Not for loan Collection code Home library Current library Date acquired Source of acquisition Cost, normal purchase price Full call number Barcode Copy number Koha item type
      Non-fiction Bawana Bawana 02/03/2023 DBAD/PUB 695.00 000 BAN EN-119842 1 English Books

© Delhi Public Library
Hit Counter
free hit counter